000
00332nam a2200145Ia 4500
008
210210b1953 xxu||||| |||| 00| 0 eng d
041
_a
eng
082
_a
829/911
100
_a
SCOTT (B M)
245
_a
Magdalen
260
_a
London
_b
Hutchinson & Co
_c
1953
650
_a
Magdalen
690
_a
English Fiction
906
_a
017526
999
_c
137510
_d
137510